|
|
|
|
| LEADER |
01786nam a2200433 a 4500 |
| 001 |
nkc20112237266 |
| 003 |
CZ PrNK |
| 005 |
20120306090800.0 |
| 007 |
ta |
| 008 |
111102s2011 xr e f 001 0 cze |
| 015 |
|
|
|a cnb002237266
|
| 020 |
|
|
|a 978-80-904803-3-9
|q (v knize neuvedeno ;
|q pořadač)
|z 978-80-904803-0-8
|
| 035 |
|
|
|a (OCoLC)768559478
|
| 040 |
|
|
|a ABA001
|b cze
|
| 043 |
|
|
|a e-xr---
|
| 072 |
|
7 |
|a 336.1/.5
|x Veřejné finance
|2 Konspekt
|9 4
|
| 080 |
|
|
|a 336.225
|2 MRF
|
| 080 |
|
|
|a (437.3)
|2 MRF
|
| 080 |
|
|
|a (035)
|2 MRF
|
| 100 |
1 |
|
|a Šustr, Aleš
|7 xx0131910
|4 aut
|
| 245 |
1 |
0 |
|a Nový daňový řád 2011 :
|b užitečný průvodce při aplikaci daňového řádu v praxi : praktické komentáře a návody pro daňové subjekty : leden 2011 /
|c Aleš Šustr
|
| 246 |
3 |
0 |
|a Daňový řád 2011
|
| 246 |
3 |
0 |
|a Průvodce při aplikaci daňového řádu v praxi
|
| 260 |
|
|
|a Praha :
|b Forum,
|c 2011
|
| 300 |
|
|
|a [354] s. ;
|c 23 cm
|
| 500 |
|
|
|a Kromě této jednorázové pub. vyšlo též jako mimořádná aktualizace k seriálům: Aktuální výklady a komentáře k dani z přidané hodnoty s CD-ROMem a Rizika a odpovědnosti ve funkci finančního ředitele
|
| 500 |
|
|
|a Obsahuje rejstřík
|
| 650 |
0 |
7 |
|a správa daní
|7 ph116260
|z Česko
|2 czenas
|
| 650 |
0 |
7 |
|a daňové řízení
|7 ph119349
|z Česko
|2 czenas
|
| 650 |
0 |
9 |
|a tax administration
|z Czechia
|2 eczenas
|
| 650 |
0 |
9 |
|a tax procedure
|z Czechia
|2 eczenas
|
| 655 |
|
7 |
|a příručky
|7 fd133209
|2 czenas
|
| 655 |
|
9 |
|a handbooks and manuals
|2 eczenas
|
| 787 |
0 |
|
|a Česko.
|s Daňový řád (2009, novela 2011)
|
| 910 |
2 |
|
|a BOA001
|b 2-1276.946
|
| 990 |
|
|
|a BK
|
| 995 |
|
|
|a 01
|
| 991 |
|
|
|b 201203
|c NOV
|e n
|
| 996 |
6 |
|
|b 2610502171
|c 2-1276.946
|l MZK
|r Sklad / do 1 hodiny
|n 8
|p p.v.
|w 001228305
|u 000010
|a 1
|e BOA001
|j MZK50
|s P
|